[Event "XXXI C.to Italiano femminile"]
[Site "Bratto - Castione della Presolana ITA"]
[Date "2004.08.21"]
[Round "2"]
[White "Clappa, Ilaria"]
[Black "Di Blasi, Erica"]
[Result "1-0"]
[WhiteElo "1850"]
[BlackElo "1580"]
[PlyCount "96"]
[EventDate "2004.08.20"]

1. e4 c5 2. c4 Nc6 3. Nc3 Nf6 4. g3 d6 5. Bg2 g6 6. h3 e5 7. Nge2 Bg7 8. d3 Bd7
9. O-O a6 10. a3 Qc8 11. Kh2 h5 12. Nd5 Nxd5 13. exd5 Ne7 14. h4 f6 15. Kg1 Bh6
16. f4 Nf5 17. Qe1 O-O 18. Nc3 Qd8 19. Ne4 Qe7 20. b4 b6 21. Rb1 Rab8 22. Bd2
Nd4 23. fxe5 Bxd2 24. Qxd2 fxe5 25. bxc5 bxc5 26. Rxb8 Rxb8 27. Rf6 Bf5 28. Qg5
Qb7 29. Nd2 Qb2 30. Rxd6 Qc1+ 31. Kh2 Ne2 32. Nf3 Qxg5 33. hxg5 Bxd3 34. Nxe5
Rb3 35. Rxa6 Rc3 36. Nxd3 Rxd3 37. Rxg6+ Kf7 38. Rf6+ Ke7 39. Re6+ Kd7 40. Rxe2
Rxa3 41. g6 Ra8 42. Bh3+ Kc7 43. Be6 Kd6 44. g7 Rb8 45. Rf2 Ke7 46. Rf7+ Kd6
47. Rf8 Rxf8 48. gxf8=Q+ Ke5 1-0

[Event "XXXI C.to Italiano femminile"]
[Site "Bratto - Castione della Presolana ITA"]
[Date "2004.08.21"]
[Round "2"]
[White "Di Cerbo, Giulia"]
[Black "Pili, Erika"]
[Result "1-0"]
[WhiteElo "1670"]
[BlackElo "1853"]
[PlyCount "127"]
[EventDate "2004.08.20"]

1. d4 d5 2. Nf3 Bf5 3. e3 Nf6 4. Bd3 Bg6 5. Nbd2 e6 6. Qe2 Bd6 7. e4 dxe4 8.
Nxe4 Nxe4 9. Bxe4 c6 10. c3 Nd7 11. Bg5 Qc7 12. O-O Nf6 13. Bd3 Bh5 14. h3 Qa5
15. Bh4 Nd5 16. Bg3 Bxg3 17. fxg3 Qc7 18. Qe5 Bg6 19. Qxc7 Nxc7 20. Bxg6 hxg6
21. Ne5 Rf8 22. Rf3 g5 23. Raf1 f6 24. R1f2 Rh8 25. Nd3 Rh6 26. Re2 Kf7 27. Nc5
b6 28. Nd3 Ke7 29. Nf2 Rah8 30. Ng4 R6h7 31. Ne3 Kd7 32. Ng4 Re8 33. Rd3 Rhh8
34. Nh2 Kc8 35. Nf3 Rd8 36. Red2 Rhe8 37. Re3 Re7 38. g4 Nd5 39. Re4 Kd7 40.
Kf2 Ke8 41. Rde2 Kf7 42. Kg3 Rc7 43. Rf2 c5 44. Nxg5+ Kg6 45. Nxe6 Re7 46. Nxd8
Rxe4 47. dxc5 bxc5 48. Rf5 Re3+ 49. Kf2 Rd3 50. Ke2 c4 51. Nc6 Nc7 52. Na5 Rd5
53. Rxd5 Nxd5 54. Nxc4 Nf4+ 55. Kf3 Nd3 56. b4 Nc1 57. Ke3 Nxa2 58. Kd2 f5 59.
gxf5+ Kxf5 60. Ne3+ Ke4 61. h4 g6 62. g4 Kf4 63. b5 Ke5 64. Kc2 1-0

[Event "XXXI C.to Italiano femminile"]
[Site "Bratto - Castione della Presolana ITA"]
[Date "2004.08.21"]
[Round "2"]
[White "Lomakina, Nadya"]
[Black "Sautto, Alessandra"]
[Result "1/2-1/2"]
[WhiteElo "1751"]
[BlackElo "1978"]
[PlyCount "56"]
[EventDate "2004.08.20"]

1. d4 d5 2. Nf3 Nf6 3. c3 c6 4. Bg5 Ne4 5. Bf4 Bf5 6. Nbd2 Nxd2 7. Qxd2 e6 8.
e3 Bd6 9. Bxd6 Qxd6 10. Bd3 Bxd3 11. Qxd3 Nd7 12. O-O O-O 13. e4 dxe4 14. Qxe4
Qd5 15. Qh4 Rfe8 16. Rfe1 Rad8 17. Ne5 f6 18. Nxd7 Rxd7 19. Re3 Rde7 20. Rh3
Qf5 21. Rc1 e5 22. Rf3 Qg6 23. Rg3 Qf7 24. Rf1 exd4 25. Qxd4 a6 26. a3 Re2 27.
b4 Qe7 28. h3 Re4 1/2-1/2

[Event "XXXI C.to Italiano femminile"]
[Site "Bratto - Castione della Presolana ITA"]
[Date "2004.08.21"]
[Round "2"]
[White "Matta, Francesca"]
[Black "Goi, Veronika"]
[Result "1/2-1/2"]
[WhiteElo "1772"]
[BlackElo "1823"]
[PlyCount "143"]
[EventDate "2004.08.20"]

1. d4 d5 2. Nf3 Nf6 3. Bf4 c5 4. c3 Qb6 5. Qc2 Nc6 6. e3 cxd4 7. exd4 g6 8. Bd3
Bg7 9. Nbd2 Bd7 10. Nb3 Rc8 11. Qe2 O-O 12. O-O Bg4 13. h3 Bxf3 14. Qxf3 Rfe8
15. Rfe1 a5 16. Re2 a4 17. Nc5 Ra8 18. Rae1 Ra7 19. Bg5 Qc7 20. Bxf6 Bxf6 21.
Qxd5 Rd8 22. Qf3 Bxd4 23. Ne4 Bg7 24. Ng5 e6 25. h4 h6 26. Ne4 Ne5 27. Qe3 Ra5
28. Bc2 Nc4 29. Qc1 a3 30. b4 Rb5 31. g3 Nb2 32. Bb1 Rbd5 33. Kh2 b6 34. Qc2 f5
35. Nd2 Qxc3 36. Nb3 Qxc2 37. Bxc2 Bc3 38. Rc1 Re5 39. Rxe5 Bxe5 40. Re1 Rd5
41. f4 Bd6 42. Rxe6 Kf7 43. Re2 Bxb4 44. Kg2 b5 45. Kf3 h5 46. Nc1 Nc4 47. Nd3
Bd6 48. Nf2 Be7 49. Nd3 Kf6 50. Nf2 b4 51. Nd1 Bc5 52. Nf2 Rd8 53. Nd3 Rd5 54.
Nc1 Nd2+ 55. Kg2 Nc4 56. Kf3 Na5 57. Nb3 Nc6 58. Re1 Bd4 59. Re2 Bc3 60. Kf2
Nd4 61. Nxd4 Rxd4 62. Bb3 Rd2 63. Rxd2 Bxd2 64. Kf3 Be1 65. Bc4 Ke7 66. Bb3 Kd6
67. Bf7 Kc5 68. Kg2 Kd4 69. Bb3 Ke3 70. Be6 Bc3 71. Bb3 Be1 72. Be6 1/2-1/2

[Event "XXXI C.to Italiano femminile"]
[Site "Bratto - Castione della Presolana ITA"]
[Date "2004.08.21"]
[Round "2"]
[White "Mosca, Giulia"]
[Black "Cassinera, Chiara"]
[Result "1/2-1/2"]
[WhiteElo "1527"]
[BlackElo "1619"]
[PlyCount "59"]
[EventDate "2004.08.20"]

1. e4 c5 2. Nc3 g6 3. g3 Bg7 4. Bg2 Nc6 5. d3 d6 6. Be3 Nf6 7. h3 O-O 8. Qd2
Re8 9. Nge2 Rb8 10. O-O e5 11. f4 exf4 12. Nxf4 a6 13. Rf2 Be6 14. Raf1 Rf8 15.
Nxe6 fxe6 16. Bg5 Qe7 17. Qf4 Ne5 18. Qd2 Nc6 19. h4 Rf7 20. Nd1 Rbf8 21. c3
Qd7 22. Bh6 Ng4 23. Rxf7 Rxf7 24. Bxg7 Rxf1+ 25. Bxf1 Kxg7 26. Bh3 Nf6 27. Nf2
Qf7 28. Qe3 b5 29. d4 cxd4 30. cxd4 1/2-1/2

[Event "XXXI C.to Italiano femminile"]
[Site "Bratto - Castione della Presolana ITA"]
[Date "2004.08.21"]
[Round "2"]
[White "Negri, Ornella Cecilia"]
[Black "Varagnolo, Silvia"]
[Result "0-1"]
[WhiteElo "1600"]
[BlackElo "1610"]
[PlyCount "68"]
[EventDate "2004.08.20"]

1. e4 c6 2. d4 d5 3. exd5 cxd5 4. Bd3 Nc6 5. c3 Nf6 6. h3 e6 7. Nf3 Be7 8. O-O
O-O 9. Bf4 Qb6 10. Qc2 h6 11. Nbd2 Bd7 12. Ne5 Rac8 13. a3 Nxd4 14. Qb1 Nc6 15.
b4 Qd8 16. Nb3 Be8 17. c4 Nxe5 18. Bxe5 dxc4 19. Bxc4 Rxc4 20. Na5 Rc8 21. Nxb7
Qb6 22. Na5 Bb5 23. Rd1 Rfd8 24. Nb3 Rxd1+ 25. Qxd1 Rd8 26. Qc1 Qc6 27. Qe3 Qd7
28. Nd4 Nd5 29. Qg3 Bf6 30. Bxf6 Nxf6 31. Nxb5 Qxb5 32. Qe3 Qb6 33. Qf3 Qd4 34.
Rd1 Qxd1+ 0-1

[Event "XXXI C.to Italiano femminile"]
[Site "Bratto - Castione della Presolana ITA"]
[Date "2004.08.21"]
[Round "2"]
[White "Panella, Fiammetta"]
[Black "Bianchini, Aurora"]
[Result "1/2-1/2"]
[WhiteElo "1954"]
[BlackElo "1775"]
[PlyCount "54"]
[EventDate "2004.08.20"]

1. e4 e5 2. Nf3 Nc6 3. d4 exd4 4. Bc4 Nf6 5. e5 d5 6. Bb5 Ne4 7. Nxd4 Bd7 8.
Bxc6 bxc6 9. O-O Bc5 10. f3 Ng5 11. f4 Ne4 12. Be3 O-O 13. Nd2 Bxd4 14. Bxd4
Bf5 15. Nb3 Qh4 16. c3 Rfe8 17. Qe1 Qh5 18. Rd1 Re6 19. Kh1 Rh6 20. Bg1 Rg6 21.
Bf2 Qg4 22. Bg3 Nxg3+ 23. Qxg3 Qh5 24. Qe3 Bg4 25. Rd2 Rh6 26. Qg3 Rg6 27. Qe3
Rh6 1/2-1/2

[Event "XXXI C.to Italiano femminile"]
[Site "Bratto - Castione della Presolana ITA"]
[Date "2004.08.21"]
[Round "2"]
[White "Reginato, Sabrina"]
[Black "Rigo, Caterina"]
[Result "1-0"]
[WhiteElo "1553"]
[BlackElo "1649"]
[PlyCount "99"]
[EventDate "2004.08.20"]

1. e4 e5 2. Nf3 Nc6 3. d4 exd4 4. Nxd4 Bc5 5. Be3 Qf6 6. c3 Nge7 7. Bc4 O-O 8.
O-O Bb6 9. Re1 d6 10. Nxc6 Nxc6 11. Nd2 Ne5 12. Bxb6 axb6 13. Be2 Qg6 14. Qc2
f5 15. Nf3 Qf6 16. Nxe5 dxe5 17. Rf1 f4 18. a3 Qg5 19. Bf3 Rf6 20. Rad1 Be6 21.
g3 Bh3 22. Qe2 Bxf1 23. Rxf1 Raf8 24. Qc4+ Kh8 25. Bg2 f3 26. Bh1 Qg4 27. h4
Rh6 28. Qxc7 Rxh4 29. Bxf3 Qg5 30. Rd1 Rhf4 31. Rd3 h5 32. Kg2 h4 33. Qd7 hxg3
34. Qh3+ Rh4 35. Qxg3 Qh6 36. Qxe5 Rhf4 37. Qh5 Qxh5 38. Bxh5 Rxf2+ 39. Kg3
Rxb2 40. a4 Ra8 41. Rd4 Rb3 42. Rc4 Rd8 43. e5 Rd3+ 44. Kf4 Rbxc3 45. Rxc3 Rxc3
46. e6 Rc7 47. Ke5 Rc1 48. e7 Re1+ 49. Kd6 g6 50. Bxg6 1-0

[Event "XXXI C.to Italiano femminile"]
[Site "Bratto - Castione della Presolana ITA"]
[Date "2004.08.21"]
[Round "2"]
[White "Rombaldoni, Sharon"]
[Black "Tiozzo Netti, Valeria"]
[Result "0-1"]
[WhiteElo "1440"]
[BlackElo "1643"]
[PlyCount "106"]
[EventDate "2004.08.20"]

1. e4 e5 2. Nf3 Nf6 3. Nc3 Bb4 4. Nxe5 O-O 5. Bd3 Re8 6. Ng4 Nxe4 7. Bxe4 Bxc3
8. dxc3 Rxe4+ 9. Ne3 d6 10. O-O Nc6 11. Re1 Bd7 12. f3 Re7 13. Nd5 Rxe1+ 14.
Qxe1 Ne5 15. Bf4 c6 16. Bxe5 dxe5 17. Nb4 Qe7 18. Nd3 f6 19. b4 Bf5 20. Nc5
Bxc2 21. Rc1 Bg6 22. Rd1 Be8 23. Qd2 b6 24. Ne4 Kf8 25. Nd6 Rd8 26. c4 Bf7 27.
c5 Bd5 28. Nf5 Qc7 29. a4 bxc5 30. bxc5 a5 31. Ne3 Ke8 32. Nxd5 cxd5 33. Qc2 g6
34. Qf2 d4 35. Qh4 f5 36. Re1 d3 37. Qc4 d2 38. Qg8+ Kd7 39. Qf7+ Kc8 40. Qxc7+
Kxc7 41. Rd1 Kc6 42. Kf2 Kxc5 43. Ke2 Kb4 44. Rb1+ Kc3 45. Kd1 Rd4 46. Rb7 Rxa4
47. Rc7+ Rc4 48. Rxc4+ Kxc4 49. Kxd2 Kb3 50. Kc1 a4 51. Kb1 a3 52. Ka1 e4 53.
fxe4 fxe4 0-1

[Event "XXXI C.to Italiano femminile"]
[Site "Bratto - Castione della Presolana ITA"]
[Date "2004.08.21"]
[Round "2"]
[White "Santurbano, Maria Vincenza"]
[Black "Tonel, Giulia"]
[Result "1-0"]
[WhiteElo "1822"]
[BlackElo "1670"]
[PlyCount "107"]
[EventDate "2004.08.20"]

1. e4 e5 2. Nf3 Nc6 3. Bc4 Nf6 4. d3 Bc5 5. c3 h6 6. O-O O-O 7. Bb3 d6 8. Nbd2
a6 9. h3 Ba7 10. Re1 Ne7 11. Nf1 Ng6 12. d4 Qe7 13. Bc2 Nh5 14. Ne3 Nhf4 15.
Nd5 Nxd5 16. exd5 f5 17. dxe5 dxe5 18. Be3 Bxe3 19. Rxe3 e4 20. Nd4 Qd6 21. Bb3
Nf4 22. f3 Qg6 23. Qd2 Nxh3+ 24. Kh2 f4 25. Rxe4 Qg3+ 26. Kh1 Nf2+ 27. Kg1 Nxe4
28. fxe4 Qe3+ 29. Qxe3 fxe3 30. d6+ Kh8 31. dxc7 Bg4 32. Re1 e2 33. Nxe2 Bxe2
34. Rxe2 Rac8 35. Rf2 Rxf2 36. Kxf2 Rxc7 37. Ke3 g6 38. e5 Kg7 39. Ke4 Rd7 40.
Bd5 Kf8 41. c4 b6 42. b4 Ke7 43. c5 bxc5 44. bxc5 Rd8 45. c6 Rb8 46. Bc4 Rb6
47. Kd5 a5 48. Kc5 Rb2 49. e6 Kd8 50. Kd6 Rd2+ 51. Bd5 Rc2 52. e7+ Ke8 53. c7
Rc1 54. Bc6+ 1-0

[Event "XXXI C.to Italiano femminile"]
[Site "Bratto - Castione della Presolana ITA"]
[Date "2004.08.21"]
[Round "2"]
[White "Scharrer, Isabel"]
[Black "Pica, Livia"]
[Result "1-0"]
[WhiteElo "1613"]
[BlackElo "1520"]
[PlyCount "59"]
[EventDate "2004.08.20"]

1. d4 d5 2. c4 e6 3. Nc3 Nf6 4. Bg5 Be7 5. e3 O-O 6. Nf3 Nbd7 7. Be2 c5 8. O-O
b6 9. Qc2 Bb7 10. a3 dxc4 11. Rfd1 Nd5 12. Ne4 b5 13. dxc5 Qc7 14. Bxe7 Nxe7
15. Nd6 Bc6 16. Nd4 a6 17. b4 a5 18. N4xb5 Qb8 19. Bxc4 Nc8 20. Rab1 Nxd6 21.
Nxd6 Ra7 22. b5 Ba8 23. b6 Rb7 24. Nxb7 Qxb7 25. f3 Rc8 26. Qd3 Rd8 27. Bb5 h6
28. Bxd7 Qb8 29. Qb5 Qb7 30. c6 1-0

[Event "XXXI C.to Italiano femminile"]
[Site "Bratto - Castione della Presolana ITA"]
[Date "2004.08.21"]
[Round "2"]
[White "Tomba, Patrizia"]
[Black "Francalancia, Mariachiara"]
[Result "0-1"]
[WhiteElo "1637"]
[BlackElo "1528"]
[PlyCount "66"]
[EventDate "2004.08.20"]

1. e4 d6 2. d4 Nf6 3. Nc3 g6 4. Nf3 Bg7 5. Bc4 O-O 6. O-O Nbd7 7. h3 a6 8. Be3
b5 9. Bd3 Bb7 10. a3 Re8 11. Qd2 e5 12. dxe5 dxe5 13. b4 Rc8 14. Bg5 c5 15. Nh2
c4 16. Be2 Qc7 17. f3 Bc6 18. Rfd1 Qa7+ 19. Be3 Nb6 20. Qe1 Nh5 21. Qf2 Rb8 22.
Rd6 Qc7 23. Rad1 Nc8 24. R6d2 Ne7 25. Bc5 Bf8 26. Ng4 Kg7 27. Bd6 Qb7 28. Bxe5+
Kg8 29. Bxb8 Qxb8 30. Nd5 Nxd5 31. exd5 Bd7 32. d6 Rd8 33. Ne5 Be8 0-1

[Event "XXXI C.to Italiano femminile"]
[Site "Bratto - Castione della Presolana ITA"]
[Date "2004.08.22"]
[Round "3"]
[White "Bianchini, Aurora"]
[Black "Clappa, Ilaria"]
[Result "1/2-1/2"]
[WhiteElo "1775"]
[BlackElo "1850"]
[PlyCount "97"]
[EventDate "2004.08.20"]

1. d4 d5 2. c4 c6 3. Nf3 Nf6 4. cxd5 cxd5 5. Nc3 Nc6 6. Bf4 Ne4 7. e3 Nxc3 8.
bxc3 g6 9. Be5 f6 10. Bg3 Bg7 11. Be2 O-O 12. O-O Be6 13. Rb1 Qd7 14. Qa4 a6
15. Rb6 Rfc8 16. Rfb1 Nd8 17. Qb4 Nc6 18. Qb2 Nd8 19. Qb4 Bf8 20. Qa5 Nc6 21.
Qa3 Nd8 22. Bd1 Qe8 23. Nd2 Bd7 24. Bb3 e6 25. Qb2 Rc6 26. Bc2 Rac8 27. Rxc6
Bxc6 28. c4 Qd7 29. cxd5 Qxd5 30. Be4 Qb5 31. Qxb5 Bxb5 32. Nb3 Bc6 33. Rc1 Kf7
34. Na5 Bb4 35. Bxc6 Nxc6 36. Nxb7 Ke7 37. Nc5 a5 38. Kf1 Ba3 39. Rc3 Bb4 40.
Rc4 Nd8 41. Bd6+ Kf7 42. a4 Nb7 43. Bg3 Nxc5 44. dxc5 Rxc5 45. Rxc5 Bxc5 46.
Bc7 Bb4 47. Ke2 Ke7 48. Kd3 Kd7 49. Bb6 1/2-1/2

[Event "XXXI C.to Italiano femminile"]
[Site "Bratto - Castione della Presolana ITA"]
[Date "2004.08.22"]
[Round "3"]
[White "Borsato, Chiara"]
[Black "Messina, Roberta"]
[Result "1-0"]
[WhiteElo "1658"]
[BlackElo "1673"]
[PlyCount "129"]
[EventDate "2004.08.20"]

1. e4 d5 2. exd5 Qxd5 3. Nc3 Qa5 4. d4 Nf6 5. Bd2 c6 6. Nf3 Bg4 7. Be2 Nbd7 8.
O-O e6 9. h3 Bxf3 10. Bxf3 Qb6 11. Bc1 Bd6 12. Rb1 O-O 13. Re1 Bb4 14. Na4 Qc7
15. c3 Bd6 16. c4 c5 17. d5 exd5 18. Bxd5 Nxd5 19. Qxd5 Rfe8 20. Be3 Nf6 21.
Qd2 Rad8 22. Kh1 Ne4 23. Qc2 Bf4 24. Nc3 Bxe3 25. Rxe3 Rd2 26. Rxe4 Rxe4 27.
Qxd2 Rxc4 28. Re1 g6 29. Nd5 Rd4 30. Nxc7 Rxd2 31. Nb5 Rxb2 32. Nxa7 Rxa2 33.
Nb5 Rxf2 34. Re7 b6 35. Rb7 Rf6 36. Nc3 Rc6 37. Nd5 c4 38. Ne7+ Kf8 39. Nxc6 c3
40. Nb4 Ke8 41. Rxb6 Kd7 42. Rc6 f5 43. Rxc3 Kd6 44. Kg1 Ke5 45. Kf2 Ke4 46. g4
fxg4 47. hxg4 Kf4 48. Rc4+ Kg5 49. Kg3 Kf6 50. Rc5 Ke6 51. Kf4 Kd6 52. Ra5 Ke6
53. g5 Kd6 54. Ra7 Kc5 55. Rxh7 Kxb4 56. Rg7 Kc5 57. Rxg6 Kd5 58. Kf5 Kc5 59.
Re6 Kd5 60. g6 Kc5 61. g7 Kd5 62. g8=Q Kd4 63. Qd8+ Kc5 64. Re1 Kb4 65. Rc1 1-0

[Event "XXXI C.to Italiano femminile"]
[Site "Bratto - Castione della Presolana ITA"]
[Date "2004.08.22"]
[Round "3"]
[White "Cassinera, Chiara"]
[Black "Francalancia, Mariachiara"]
[Result "1-0"]
[WhiteElo "1619"]
[BlackElo "1528"]
[PlyCount "67"]
[EventDate "2004.08.20"]

1. d4 d5 2. Nf3 c6 3. c4 Nf6 4. e3 Bf5 5. Nc3 e6 6. a3 Qc7 7. c5 b6 8. b4 Nbd7
9. Be2 Be7 10. O-O O-O 11. Bb2 Rad8 12. Bd3 Bxd3 13. Qxd3 b5 14. h3 a6 15. Rae1
h6 16. Nh2 Rfe8 17. f4 Nh5 18. Ne2 Bh4 19. Rd1 Qa7 20. Nf3 Be7 21. Ne5 Qb7 22.
g4 Nhf6 23. g5 hxg5 24. fxg5 Nxe5 25. dxe5 Ne4 26. h4 Qc7 27. Rf3 g6 28. Ng3 f5
29. gxf6 Rf8 30. Rdf1 Bxc5 31. bxc5 Nxc5 32. Qxg6+ Kh8 33. f7 Nd7 34. Qh6# 1-0

[Event "XXXI C.to Italiano femminile"]
[Site "Bratto - Castione della Presolana ITA"]
[Date "2004.08.22"]
[Round "3"]
[White "Costariol, Elena"]
[Black "Negri, Ornella Cecilia"]
[Result "0-1"]
[WhiteElo "1554"]
[BlackElo "1600"]
[PlyCount "82"]
[EventDate "2004.08.20"]

1. e4 d5 2. exd5 Qxd5 3. Nc3 Qd6 4. Nf3 Nf6 5. Bc4 a6 6. d3 b5 7. Bb3 Bb7 8.
Be3 e6 9. h3 Be7 10. Rg1 Nc6 11. Qe2 Qd8 12. O-O-O O-O 13. Nd2 Ne5 14. Nde4
Ned7 15. g4 Nd5 16. Nxd5 exd5 17. Ng3 Bg5 18. f4 Be7 19. Nf5 Bc5 20. d4 g6 21.
Nh6+ Kg7 22. dxc5 Kxh6 23. g5+ Kg7 24. Bxd5 c6 25. Bf3 Re8 26. Bg4 Bc8 27. Rge1
Kg8 28. Qf2 Qc7 29. Bd4 Rxe1 30. Rxe1 Nf8 31. f5 Bd7 32. Re7 Qd8 33. Bf6 Qc7
34. fxg6 Nxg6 35. Rxd7 Qa5 36. Bc3 Qxa2 37. Qxf7+ Qxf7 38. Be6 Qxe6 39. Rg7+
Kf8 40. Rxh7 Qe3+ 41. Bd2 Qg1+ 0-1

[Event "XXXI C.to Italiano femminile"]
[Site "Bratto - Castione della Presolana ITA"]
[Date "2004.08.22"]
[Round "3"]
[White "De Rosa, Mariagrazia"]
[Black "Di Cerbo, Giulia"]
[Result "1-0"]
[WhiteElo "2124"]
[BlackElo "1670"]
[PlyCount "53"]
[EventDate "2004.08.20"]

1. e4 e6 2. d4 d5 3. e5 c5 4. c3 Nc6 5. Nf3 Qb6 6. a3 Bd7 7. b4 cxd4 8. cxd4 f6
9. Bd3 fxe5 10. dxe5 Nge7 11. O-O Nd8 12. Nc3 Nf7 13. Be3 Qd8 14. Rc1 Nc6 15.
Bf4 Rc8 16. Bb1 Be7 17. Re1 O-O 18. Nxd5 exd5 19. e6 Be8 20. Qd3 g6 21. exf7+
Bxf7 22. b5 Be8 23. Bh6 Rxf3 24. gxf3 Bg5 25. Rxe8+ Qxe8 26. Qxd5+ Kh8 27. Qxg5
1-0

[Event "XXXI C.to Italiano femminile"]
[Site "Bratto - Castione della Presolana ITA"]
[Date "2004.08.22"]
[Round "3"]
[White "Di Blasi, Erica"]
[Black "Chierici, Marianna"]
[Result "0-1"]
[WhiteElo "1580"]
[BlackElo "1646"]
[PlyCount "132"]
[EventDate "2004.08.20"]

1. e4 c5 2. Nf3 d6 3. c4 Nc6 4. d3 e6 5. Nc3 Be7 6. Be2 Nf6 7. h3 O-O 8. O-O a6
9. Bg5 b6 10. Qd2 Rb8 11. Rab1 b5 12. b3 Ne8 13. Bxe7 Qxe7 14. Nh2 Nc7 15. Rfe1
Bb7 16. f4 Rfd8 17. Bg4 Qf8 18. Qf2 Nb4 19. Rbd1 d5 20. a3 Nc6 21. Nf3 d4 22.
Ne2 f5 23. exf5 exf5 24. Bh5 g6 25. Qg3 Qg7 26. Nc1 gxh5 27. Qf2 Re8 28. Ne2
Ne6 29. Nh4 Qf7 30. Ng3 Ng7 31. Nf3 Rxe1+ 32. Rxe1 Re8 33. Ng5 Qd7 34. Re2 h6
35. Nf3 Rxe2 36. Qxe2 Qe7 37. Qd1 Qe3+ 38. Kh1 Qxf4 39. Ne2 Qe3 40. Ng3 Nd8 41.
Nf1 Qf2 42. N1h2 Nde6 43. Qf1 Qxf1+ 44. Nxf1 Bxf3 45. gxf3 Kf7 46. cxb5 axb5
47. a4 bxa4 48. bxa4 Ne8 49. a5 N8c7 50. Nd2 Nf4 51. Nc4 Nxd3 52. Kg1 Ke6 53.
Nb6 Ne5 54. Na4 c4 55. Nc5+ Kd5 56. Na4 Nxf3+ 57. Kf2 Nd2 58. Ke2 c3 59. Kd3
Nb3 60. Nb6+ Kc5 61. Na4+ Kb4 62. Nb6 Nxa5 63. Kxd4 c2 64. Nd5+ Nxd5 65. Kxd5
c1=Q 66. Ke5 Qe3+ 0-1

[Event "XXXI C.to Italiano femminile"]
[Site "Bratto - Castione della Presolana ITA"]
[Date "2004.08.22"]
[Round "3"]
[White "Goi, Veronika"]
[Black "Lomakina, Nadya"]
[Result "1-0"]
[WhiteElo "1823"]
[BlackElo "1751"]
[PlyCount "73"]
[EventDate "2004.08.20"]

1. d4 d5 2. c4 c6 3. Nc3 Nf6 4. Nf3 Bf5 5. c5 e6 6. h3 Qc7 7. e3 Be7 8. Bd2 O-O
9. Be2 Nbd7 10. O-O h6 11. b4 e5 12. b5 Rfe8 13. Qa4 Bf8 14. Rfc1 Ne4 15. Be1
exd4 16. Nxd4 Nexc5 17. Qd1 Bg6 18. bxc6 bxc6 19. Na4 Qb7 20. Bg4 Red8 21. Bxd7
Nxd7 22. Nxc6 Re8 23. a3 Rac8 24. Nb4 Rxc1 25. Rxc1 Nf6 26. Nc5 Qb5 27. a4 Qb6
28. Nxd5 Nxd5 29. Qxd5 Rd8 30. Nd7 Qb2 31. Rd1 Bc2 32. Qa5 Be7 33. Bc3 Qb7 34.
Qe5 Bf8 35. Nf6+ gxf6 36. Qg3+ Kh7 37. Rxd8 1-0

[Event "XXXI C.to Italiano femminile"]
[Site "Bratto - Castione della Presolana ITA"]
[Date "2004.08.22"]
[Round "3"]
[White "Panella, Fiammetta"]
[Black "Matta, Francesca"]
[Result "1-0"]
[WhiteElo "1954"]
[BlackElo "1772"]
[PlyCount "113"]
[EventDate "2004.08.20"]

1. e4 e5 2. Nf3 Nc6 3. Bb5 a6 4. Ba4 Nf6 5. d3 b5 6. Bb3 Bb7 7. c3 Be7 8. O-O
O-O 9. Re1 d6 10. Nbd2 Nd7 11. Nf1 h6 12. Ng3 Re8 13. d4 Bf8 14. h3 Na5 15. Bc2
Nc4 16. Nh2 g6 17. b3 Ncb6 18. f4 Bg7 19. fxe5 dxe5 20. Bb2 Qe7 21. Qe2 Rad8
22. Rad1 Nf8 23. d5 Qc5+ 24. Kh1 Rd7 25. a4 bxa4 26. bxa4 Nc4 27. Bc1 Nd6 28.
Qd3 Qa7 29. Qf3 Red8 30. Ng4 h5 31. Nf6+ Bxf6 32. Qxf6 Nh7 33. Qxe5 Nc4 34. Qf4
Qb6 35. Bd3 Na5 36. c4 Qd6 37. e5 Qe7 38. e6 Rd6 39. Ba3 fxe6 40. Bxg6 Rf8 41.
Qd4 Qg5 42. Bxh7+ Kxh7 43. Ne4 Qg6 44. Nxd6 Rg8 45. Qe4 cxd6 46. Qxg6+ Rxg6 47.
Rxe6 Rg7 48. Rc1 Nb3 49. Rc3 Nd4 50. Rxd6 Nf5 51. Re6 Nh4 52. Re7 Kg8 53. Rxg7+
Kxg7 54. Rb3 Bc8 55. c5 Kf7 56. c6 Ke8 57. Rb8 1-0

[Event "XXXI C.to Italiano femminile"]
[Site "Bratto - Castione della Presolana ITA"]
[Date "2004.08.22"]
[Round "3"]
[White "Pica, Livia"]
[Black "Tomba, Patrizia"]
[Result "1/2-1/2"]
[WhiteElo "1520"]
[BlackElo "1637"]
[PlyCount "66"]
[EventDate "2004.08.20"]

1. e4 e5 2. Nf3 Nc6 3. Nc3 Nf6 4. d4 exd4 5. Nxd4 Nxd4 6. Qxd4 d6 7. h3 Be7 8.
Bd3 O-O 9. O-O Bd7 10. Bf4 Bc6 11. Rfe1 Re8 12. Qe3 Qd7 13. Rad1 Qc8 14. Qd2 b6
15. e5 dxe5 16. Bxe5 Qb7 17. f3 Bc5+ 18. Kh2 Rxe5 19. Rxe5 Bd6 20. f4 Bxe5 21.
fxe5 Nd7 22. Re1 Re8 23. Qg5 g6 24. Bc4 Nc5 25. Rf1 Rf8 26. Rf2 b5 27. Bb3 b4
28. Bxf7+ Rxf7 29. Qd8+ Kg7 30. Rxf7+ Kxf7 31. Qf6+ Kg8 32. Qd8+ Kg7 33. Qf6+
Kg8 1/2-1/2

[Event "XXXI C.to Italiano femminile"]
[Site "Bratto - Castione della Presolana ITA"]
[Date "2004.08.22"]
[Round "3"]
[White "Pili, Erika"]
[Black "Scharrer, Isabel"]
[Result "1-0"]
[WhiteElo "1853"]
[BlackElo "1613"]
[PlyCount "107"]
[EventDate "2004.08.20"]

1. e4 c5 2. f4 d6 3. Nf3 g6 4. Bc4 e6 5. Nc3 Bg7 6. a3 Ne7 7. d3 O-O 8. Bd2
Nbc6 9. O-O a6 10. Kh1 b5 11. Ba2 Bd7 12. Rg1 Rb8 13. Rb1 a5 14. Ne2 b4 15. a4
Na7 16. b3 Nac6 17. g4 f5 18. exf5 exf5 19. g5 Be6 20. Qe1 Bd5 21. Rg3 Nd4 22.
Nexd4 Bxd4 23. c3 bxc3 24. Bxc3 Nc6 25. Qd2 Qc7 26. b4 Qf7 27. Bxd5 Qxd5 28. b5
Bxc3 29. Qxc3 Nd4 30. Qc4 Qxc4 31. dxc4 Ne2 32. Rg2 Nxf4 33. Rd2 Rb6 34. Rbd1
Rd8 35. Ne5 Ne6 36. Nc6 Rd7 37. Rxd6 Rxd6 38. Rxd6 Nxg5 39. Ne7+ Kf7 40. Rxb6
Kxe7 41. Ra6 Kd7 42. Rxa5 Kc7 43. Ra6 f4 44. Rf6 f3 45. a5 Kb7 46. h4 Ne4 47.
Rxf3 Nd6 48. a6+ Ka7 49. Rf6 Nxc4 50. Rc6 Na5 51. Rc7+ Kb8 52. b6 c4 53. a7+
Ka8 54. Rc8+ 1-0

[Event "XXXI C.to Italiano femminile"]
[Site "Bratto - Castione della Presolana ITA"]
[Date "2004.08.22"]
[Round "3"]
[White "Rigo, Caterina"]
[Black "Borsato, Laura"]
[Result "1-0"]
[WhiteElo "1649"]
[BlackElo "1580"]
[PlyCount "67"]
[EventDate "2004.08.20"]

1. e4 g6 2. d4 Bg7 3. Nf3 d6 4. Be3 Bg4 5. Nc3 Nf6 6. h3 Bxf3 7. Qxf3 e5 8.
O-O-O Nbd7 9. Qe2 a6 10. f4 Qe7 11. g4 Nb6 12. fxe5 dxe5 13. Qf2 Nfd7 14. Be2
O-O-O 15. d5 Bf8 16. Rhf1 f6 17. Bxb6 cxb6 18. Bc4 Qc5 19. Bb3 Qxf2 20. Rxf2
Bc5 21. Rf3 Bd4 22. Ne2 Bc5 23. a3 b5 24. d6 Rhf8 25. Rc3 Kb8 26. Be6 Bb6 27.
b4 Rfe8 28. Bb3 Ka7 29. Rf3 a5 30. Nc3 Ka6 31. Rd5 a4 32. Ba2 Nb8 33. Nxb5 Nc6
34. Bc4 1-0

[Event "XXXI C.to Italiano femminile"]
[Site "Bratto - Castione della Presolana ITA"]
[Date "2004.08.22"]
[Round "3"]
[White "Santurbano, Maria Vincenza"]
[Black "Ambrosi, Eleonora"]
[Result "1-0"]
[WhiteElo "1822"]
[BlackElo "2118"]
[PlyCount "75"]
[EventDate "2004.08.20"]

1. e4 c5 2. Nf3 Nc6 3. d3 e6 4. g3 g6 5. Bg2 Bg7 6. O-O Nge7 7. Nbd2 O-O 8. Re1
d6 9. Nf1 f5 10. c3 e5 11. Qb3+ Kh8 12. Ng5 Qe8 13. exf5 gxf5 14. f4 Qg6 15.
Be3 h6 16. Nf3 Rb8 17. N1d2 Be6 18. Qc2 Nd5 19. Nh4 Qf6 20. fxe5 Nxe5 21. Bxd5
Bxd5 22. Bf4 b5 23. Re2 Nc6 24. Rae1 b4 25. Nc4 Rbd8 26. Qa4 Rg8 27. Ne3 Ne7
28. Nxd5 Nxd5 29. Re6 Qf7 30. Bxh6 bxc3 31. Ng6+ Kh7 32. Bxg7 Kxg7 33. bxc3 Nb6
34. Qc6 Nc8 35. Nf4 Rd7 36. Rg6+ Kh7 37. Rxg8 Rc7 38. Rf8 1-0

[Event "XXXI C.to Italiano femminile"]
[Site "Bratto - Castione della Presolana ITA"]
[Date "2004.08.22"]
[Round "3"]
[White "Sautto, Alessandra"]
[Black "Castellano, Fulvia"]
[Result "1/2-1/2"]
[WhiteElo "1978"]
[BlackElo "1772"]
[PlyCount "41"]
[EventDate "2004.08.20"]

1. e4 e6 2. d4 d5 3. exd5 exd5 4. Bd3 Bd6 5. Ne2 Ne7 6. Nbc3 c6 7. Bf4 Be6 8.
Qd2 Qc7 9. O-O O-O 10. Rfe1 Nd7 11. Bxd6 Qxd6 12. Qf4 Qxf4 13. Nxf4 Nf5 14.
Nxe6 fxe6 15. Bxf5 exf5 16. Re7 Rf7 17. Rae1 Kf8 18. R1e2 Nf6 19. f3 Re8 20.
Rxe8+ Nxe8 21. Kf2 1/2-1/2